000 00452nam a2200157 i 4500
001 87079
003 ES-MaACL
005 20230906175604.0
007 t|
008 041220s1971 sp ||||1| spa d
100 1 _aKosakai, Nozomu.
_968619
245 1 0 _aTécnicas de laboratorio ilustradas /
_cNozomu Kosakai.
260 _aBarcelona :
_bEspaxs,
_c[1971]
300 _aVIII, 237 p., 36 lám. :
_bil. ;
_c26 cm.
852 _aES-MaACL
_jC-42334
_bR.80516
999 _c87079
_d87079